Union & state atlases; (Record no. 81103)
[ view plain ]
| 000 -LEADER | |
|---|---|
| fixed length control field | 00620cam a22002051 4500 |
| 001 - CONTROL NUMBER | |
| control field | sa 68006052 |
| 003 - CONTROL NUMBER IDENTIFIER | |
| control field | DLC |
| 005 - DATE AND TIME OF LATEST TRANSACTION | |
| control field | 20260227112513.0 |
| 008 - FIXED-LENGTH DATA ELEMENTS--GENERAL INFORMATION | |
| fixed length control field | 710915s1964 ii be 00000 eng |
| 010 ## - LIBRARY OF CONGRESS CONTROL NUMBER | |
| LC control number | sa 68006052 //r84 |
| 025 ## - OVERSEAS ACQUISITION NUMBER | |
| Overseas acquisition number | PL480:I-map-79 |
| 043 ## - GEOGRAPHIC AREA CODE | |
| Geographic area code | a-ii--- |
| 050 0# - LIBRARY OF CONGRESS CALL NUMBER | |
| Classification number | GA1132 |
| Item number | .A46 1961 |
| 110 10 - MAIN ENTRY--CORPORATE NAME | |
| Corporate name or jurisdiction name as entry element | India. |
| Subordinate unit | Office of the Registrar General. |
| 245 10 - TITLE STATEMENT | |
| Title | Union & state atlases; |
| Remainder of title | atlas project. |
| 260 0# - PUBLICATION, DISTRIBUTION, ETC. | |
| Place of publication, distribution, etc. | New Delhi |
| Date of publication, distribution, etc. | [Foreword 1964] |
| 300 ## - PHYSICAL DESCRIPTION | |
| Extent | ii, 25 p., [32] l. of maps (part col.) |
| Other physical details | plans. |
| Dimensions | 28 cm. |
| 500 ## - GENERAL NOTE | |
| General note | At head of title: Census of India, 1961. |
| 650 #0 - SUBJECT ADDED ENTRY--TOPICAL TERM | |
| Topical term or geographic name entry element | Cartography |
| Geographic subdivision | India. |
No items available.